000 00580nam a2200205 a 4500
001 77485
003 BD-RjUL
005 20211209082957.0
008 200929s1927 enk 000 0 eng d
035 _a(BD-RjUL)77710
040 _aBD-RjUL
_beng
_cBD-RjUL
041 _aeng
082 _a822.9
_bMAT 1927
100 1 _aMasefield, John,
_d1878-1967.
_9241656
245 1 0 _aTristan and Isolt :
_ba play in verse /
_cby John Masefield
260 _aLondon :
_bW. Heinemann,
_c1927
300 _a135 p.,
_c19 cm.
600 0 0 _aTristan
_c(Legendary character)
_9241657
942 _2ddc
_cBK
999 _c77485
_d77485